[Event "MMK2014"]
[Site "?"]
[Date "2014.08.10"]
[Round "1.1"]
[White "Topi-Hulmi, Teemu"]
[Black "Malinovsky, Karel"]
[Result "0-1"]
[LiveChessVersion "1.4.2"]
[BlackElo "2453"]
[WhiteElo "2235"]

1. e4 e5 2. Nf3 Nc6 3. Bb5 a6 4. Ba4 Nf6 5. O-O Bc5 6. Re1 Ng4 7. Rf1 O-O 8. c3
d5 9. d3 dxe4 10. dxe4 Qxd1 11. Bxd1 h6 12. h3 Nf6 13. Re1 Rd8 14. Bb3 Nh5 15.
Be3 Bxe3 16. Rxe3 Nf4 17. Nbd2 Be6 18. Bxe6 Nxe6 19. g3 Rd7 20. Re2 Rad8 21. Nc4
f6 22. h4 h5 23. Rc1 Kf7 24. Rcc2 Nc5 25. Ne1 Rd1 26. Kg2 Ra1 27. b3 Rdd1 28. Nf3
Rdc1 29. Nh2 Rxc2 30. Rxc2 Nxe4 31. Nf1 Ne7 32. Nfd2 Nxd2 33. Rxd2 Ke6 34. Ne3 c6
35. Nc4 Nd5 36. Na5 Nxc3 37. Nxb7 Rxa2 38. Nc5+ Kf5 39. Rd6 Rc2 40. Nxa6 Ne4 41.
Rd7 g6 0-1

[Event "MMK2014"]
[Site "?"]
[Date "2014.08.10"]
[Round "1.2"]
[White "Berezjuk, Sergej"]
[Black "Bures, Jaroslav"]
[Result "1-0"]
[LiveChessVersion "1.4.2"]
[BlackElo "2410"]
[WhiteElo "2371"]

1. d4 {[%clk 1:30:56]} d5 {[%clk 1:30:25]} 2. Bf4 {[%clk 1:31:17]} Nf6
{[%clk 1:28:35]} 3. e3 {[%clk 1:31:27]} e6 {[%clk 1:27:48]} 4. Nf3
{[%clk 1:31:32]} c5 {[%clk 1:26:45]} 5. c3 {[%clk 1:31:45]} Be7 {[%clk 1:24:40]}
6. Nbd2 {[%clk 1:31:53]} O-O {[%clk 1:24:35]} 7. Bd3 {[%clk 1:32:17]} b6
{[%clk 1:24:05]} 8. Ne5 {[%clk 1:30:06]} a5 {[%clk 1:20:12]} 9. g4
{[%clk 1:28:11]} Ba6 {[%clk 1:15:44]} 10. g5 {[%clk 1:26:40]} Nfd7
{[%clk 1:15:52]} 11. Bxh7+ {[%clk 1:20:31]} Kxh7 {[%clk 1:15:43]} 12. Qh5+
{[%clk 1:20:58]} Kg8 {[%clk 1:16:07]} 13. Nxf7 {[%clk 1:21:00]} Nf6
{[%clk 1:10:53]} 14. Nh6+ {[%clk 1:17:00]} gxh6 {[%clk 1:08:59]} 15. Qg6+
{[%clk 1:17:20]} Kh8 {[%clk 1:09:25]} 16. Qxh6+ {[%clk 1:17:25]} Kg8
{[%clk 1:03:10]} 17. Qg6+ {[%clk 1:13:47]} Kh8 {[%clk 1:03:10]} 18. gxf6
{[%clk 1:13:46]} Bxf6 {[%clk 1:02:07]} 19. Qh5+ {[%clk 1:13:59]} Kg8
{[%clk 1:02:11]} 20. Rg1+ {[%clk 1:14:17]} Bg7 {[%clk 1:02:33]} 21. Rxg7+
{[%clk 1:14:33]} Kxg7 {[%clk 1:02:29]} 22. Bh6+ Kh7 {[%clk 0:58:58]} 23. Bg5+
{[%clk 1:15:14]} Kg8 {[%clk 0:59:15]} 24. Qg6+ {[%clk 1:15:02]} Kh8
{[%clk 0:59:42]} 25. Bxd8 {[%clk 1:12:06]} Nd7 {[%clk 0:59:55]} 26. Be7
{[%clk 1:12:09]} 1-0

[Event "MMK2014"]
[Site "?"]
[Date "2014.08.10"]
[Round "1.3"]
[White "Polok, Kacper"]
[Black "Brzeski, Maciej"]
[Result "0-1"]
[LiveChessVersion "1.4.2"]
[BlackElo "2338"]
[WhiteElo "2254"]

1. e4 c5 2. Nf3 Nc6 3. Bb5 g6 4. O-O Bg7 5. c3 Nf6 6. d4 Nxe4 7. d5 Nd6 8. Bd3
Na5 9. Re1 O-O 10. Bg5 f6 11. Bf4 e5 12. dxe6 dxe6 13. Bxg6 e5 14. Qd5+ Kh8 15.
Bh5 exf4 16. Rd1 Qc7 17. Qxd6 Qxd6 18. Rxd6 Nc4 19. Rd5 Nxb2 20. Nbd2 f5 21. Re1
Bxc3 22. Re7 Bf6 23. Rc7 b6 24. Rd6 Kg8 25. h4 Bd8 26. Rdc6 Bxc7 27. Rxc7 Rd8 28.
Bf7+ Kf8 29. Ne5 Nd3 30. Ndf3 Nxe5 31. Nxe5 Rd1+ 32. Kh2 Re1 33. Bd5 Rxe5 34.
Bxa8 Be6 35. Rxa7 c4 36. Rb7 b5 37. h5 h6 38. Rc7 b4 39. g3 Ra5 40. Bf3 Rxa2 41.
gxf4 b3 0-1

[Event "MMK2014"]
[Site "?"]
[Date "2014.08.10"]
[Round "1.4"]
[White "Mikrut, Dariusz"]
[Black "Klekowski, Maciej"]
[Result "0-1"]
[LiveChessVersion "1.4.2"]
[BlackElo "2383"]
[WhiteElo "2363"]

1. e4 {[%clk 1:30:42]} c5 {[%clk 1:30:45]} 2. Nf3 {[%clk 1:29:23]} Nc6
{[%clk 1:30:36]} 3. Nc3 {[%clk 1:29:02]} e5 {[%clk 1:28:34]} 4. Bc4
{[%clk 1:29:21]} d6 {[%clk 1:26:45]} 5. d3 {[%clk 1:28:39]} h6 {[%clk 1:16:07]}
6. Nd2 {[%clk 1:20:29]} Nf6 {[%clk 1:12:58]} 7. Nf1 {[%clk 1:20:48]} Bg4
{[%clk 1:05:40]} 8. f3 {[%clk 1:21:02]} Be6 {[%clk 1:06:07]} 9. Ne3
{[%clk 1:21:13]} Be7 {[%clk 0:56:41]} 10. O-O {[%clk 1:18:30]} O-O
{[%clk 0:52:29]} 11. Ned5 {[%clk 1:18:26]} Bxd5 {[%clk 0:42:56]} 12. Nxd5
{[%clk 1:18:37]} Nxd5 {[%clk 0:43:00]} 13. Bxd5 {[%clk 1:19:01]} Bg5
{[%clk 0:42:35]} 14. f4 {[%clk 1:17:52]} exf4 {[%clk 0:40:04]} 15. Bxf4
{[%clk 1:16:10]} Bxf4 {[%clk 0:33:27]} 16. Rxf4 {[%clk 1:16:24]} Ne7
{[%clk 0:27:19]} 17. Bb3 {[%clk 1:13:50]} d5 {[%clk 0:24:56]} 18. Qh5
{[%clk 1:09:37]} c4 {[%clk 0:24:17]} 19. dxc4 {[%clk 1:04:25]} dxc4
{[%clk 0:24:42]} 20. Ba4 {[%clk 1:04:46]} Qd4+ {[%clk 0:20:40]} 21. Kh1
{[%clk 1:04:46]} Qxb2 {[%clk 0:20:43]} 22. Raf1 {[%clk 1:04:20]} Ng6
{[%clk 0:20:42]} 23. R4f2 {[%clk 0:59:08]} Rad8 {[%clk 0:20:31]} 24. Bb5
{[%clk 0:56:45]} Ne5 {[%clk 0:18:11]} 0-1

[Event "MMK2014"]
[Site "?"]
[Date "2014.08.10"]
[Round "1.5"]
[White "Jacko, Vladimir"]
[Black "Nguyen, Thai Dai Van"]
[Result "1/2-1/2"]
[LiveChessVersion "1.4.2"]
[BlackElo "2276"]
[WhiteElo "2237"]

1. d4 {[%clk 1:30:15]} d5 {[%clk 1:30:43]} 2. Nf3 {[%clk 1:30:06]} Nf6
{[%clk 1:30:51]} 3. g3 {[%clk 1:30:22]} c6 {[%clk 1:28:56]} 4. Bg2
{[%clk 1:30:47]} Bf5 {[%clk 1:28:21]} 5. O-O {[%clk 1:31:07]} e6 {[%clk 1:26:10]}
6. b3 {[%clk 1:31:16]} h6 {[%clk 1:26:04]} 7. Bb2 {[%clk 1:31:40]} Be7
{[%clk 1:26:08]} 8. Nbd2 {[%clk 1:24:52]} O-O {[%clk 1:25:49]} 9. c4
{[%clk 1:24:45]} Nbd7 {[%clk 1:25:35]} 10. Rc1 {[%clk 1:21:44]} Ne4
{[%clk 1:16:47]} 11. Nxe4 {[%clk 0:57:29]} Bxe4 {[%clk 1:16:59]} 12. Bh3
{[%clk 0:50:19]} Re8 {[%clk 1:03:22]} 13. Nd2 {[%clk 0:38:39]} Bh7
{[%clk 1:02:30]} 14. e3 {[%clk 0:30:59]} Bd6 {[%clk 0:57:17]} 15. Bg2
{[%clk 0:28:55]} Nf6 {[%clk 0:48:27]} 16. Qe2 {[%clk 0:27:40]} Qe7
{[%clk 0:44:51]} 17. e4 {[%clk 0:20:07]} dxe4 {[%clk 0:44:45]} 18. Nxe4
{[%clk 0:20:21]} Bxe4 {[%clk 0:43:03]} 19. Bxe4 {[%clk 0:20:41]} Nxe4
{[%clk 0:42:39]} 20. Qxe4 {[%clk 0:21:02]} Rad8 {[%clk 0:36:32]} 21. Rcd1
{[%clk 0:19:04]} Ba3 {[%clk 0:33:16]} 22. Ba1 {[%clk 0:19:02]} Bb4
{[%clk 0:33:22]} 23. Rd3 {[%clk 0:18:39]} Rd7 {[%clk 0:33:09]} 24. Rfd1
{[%clk 0:18:58]} Red8 {[%clk 0:33:22]} 25. Bb2 {[%clk 0:16:48]} Ba3
{[%clk 0:30:14]} 26. Bc3 {[%clk 0:17:09]} Bb4 {[%clk 0:30:14]} 27. Bb2
{[%clk 0:17:33]} Ba3 {[%clk 0:25:07]} 28. Bc3 {[%clk 0:17:57]} Bb4
{[%clk 0:25:23]} 1/2-1/2

[Event "MMK2014"]
[Site "?"]
[Date "2014.08.11"]
[Round "2.1"]
[White "Malinovsky, Karel"]
[Black "Nguyen, Thai Dai Van"]
[Result "1-0"]
[LiveChessVersion "1.4.2"]
[BlackElo "2276"]
[WhiteElo "2453"]

1. e4 {[%clk 1:30:57]} e6 {[%clk 1:30:54]} 2. d4 {[%clk 1:31:22]} d5
{[%clk 1:31:19]} 3. Nc3 {[%clk 1:31:45]} Nf6 {[%clk 1:31:44]} 4. e5
{[%clk 1:32:08]} Nfd7 {[%clk 1:32:09]} 5. f4 {[%clk 1:32:29]} c5 {[%clk 1:32:34]}
6. Nf3 {[%clk 1:32:51]} Nc6 {[%clk 1:32:59]} 7. Be3 {[%clk 1:33:13]} a6
{[%clk 1:33:12]} 8. Qd2 {[%clk 1:33:21]} b5 {[%clk 1:33:36]} 9. dxc5
{[%clk 1:33:36]} Bxc5 {[%clk 1:33:24]} 10. Ne2 {[%clk 1:33:34]} Qb6
{[%clk 1:23:36]} 11. Bxc5 {[%clk 1:33:25]} Nxc5 {[%clk 1:23:09]} 12. Ned4
{[%clk 1:33:36]} O-O {[%clk 1:18:21]} 13. Nxc6 {[%clk 1:26:26]} Qxc6
{[%clk 1:18:36]} 14. Qe3 {[%clk 1:22:27]} Na4 {[%clk 1:13:09]} 15. b3
{[%clk 1:17:07]} Nc5 {[%clk 1:06:56]} 16. Be2 {[%clk 1:11:35]} b4
{[%clk 1:03:53]} 17. a3 {[%clk 1:04:12]} bxa3 {[%clk 1:00:01]} 18. O-O
{[%clk 1:01:13]} Bb7 {[%clk 0:50:40]} 19. Rxa3 {[%clk 0:58:47]} Rfc8
{[%clk 0:46:14]} 20. Rfa1 {[%clk 0:53:57]} Ne4 {[%clk 0:45:24]} 21. Bd3
{[%clk 0:51:41]} Qc5 {[%clk 0:37:13]} 22. Qxc5 {[%clk 0:51:06]} Nxc5
{[%clk 0:37:36]} 23. Bf1 {[%clk 0:49:56]} g6 {[%clk 0:33:15]} 24. Nd4
{[%clk 0:42:43]} Rab8 {[%clk 0:27:10]} 25. Kf2 {[%clk 0:37:23]} Kg7
{[%clk 0:23:20]} 26. Ra5 {[%clk 0:35:38]} Rc7 {[%clk 0:21:57]} 27. Ke3
{[%clk 0:34:18]} Bc8 {[%clk 0:21:02]} 28. Bd3 {[%clk 0:25:44]} Rb6
{[%clk 0:19:40]} 29. R5a3 {[%clk 0:21:20]} h5 {[%clk 0:10:49]} 30. c3
{[%clk 0:17:28]} Bd7 {[%clk 0:10:17]} 31. Bc2 {[%clk 0:14:09]} Bb5
{[%clk 0:09:02]} 32. Nxb5 {[%clk 0:11:11]} axb5 {[%clk 0:08:09]} 33. Ra7
{[%clk 0:10:10]} Rc8 {[%clk 0:05:07]} 34. Re7 {[%clk 0:07:20]} Nb7
{[%clk 0:01:14]} 35. Ra7 {[%clk 0:03:40]} Rxc3+ {[%clk 0:00:39]} 36. Kd2
{[%clk 0:04:03]} Rbc6 {[%clk 0:01:00]} 37. Bd1 {[%clk 0:02:52]} Nd8
{[%clk 0:00:55]} 38. Red7 {[%clk 0:02:38]} Rc8 {[%clk 0:00:35]} 39. Rxd8
{[%clk 0:02:53]} 1-0

[Event "MMK2014"]
[Site "?"]
[Date "2014.08.11"]
[Round "2.2"]
[White "Klekowski, Maciej"]
[Black "Jacko, Vladimir"]
[Result "1-0"]
[LiveChessVersion "1.4.2"]
[BlackElo "2237"]
[WhiteElo "2383"]

1. c4 {[%clk 1:30:56]} g6 {[%clk 1:30:55]} 2. Nc3 {[%clk 1:30:50]} Bg7
{[%clk 1:31:20]} 3. g3 {[%clk 1:31:06]} d6 {[%clk 1:31:43]} 4. Bg2
{[%clk 1:31:31]} e5 {[%clk 1:32:08]} 5. e4 {[%clk 1:31:22]} Nc6 {[%clk 1:31:58]}
6. Nge2 {[%clk 1:31:42]} h5 {[%clk 1:27:17]} 7. h4 {[%clk 1:29:14]} Be6
{[%clk 1:24:03]} 8. d3 {[%clk 1:29:03]} Qd7 {[%clk 1:24:22]} 9. Be3
{[%clk 1:24:36]} Nh6 {[%clk 1:13:21]} 10. f3 {[%clk 1:21:30]} f5 {[%clk 1:06:44]}
11. Nd5 {[%clk 1:05:46]} Nf7 {[%clk 1:02:24]} 12. Qd2 {[%clk 1:00:14]} Ne7
{[%clk 0:48:19]} 13. f4 {[%clk 0:34:35]} c6 {[%clk 0:45:57]} 14. Nec3
{[%clk 0:22:10]} Nh6 {[%clk 0:31:34]} 15. fxe5 {[%clk 0:15:53]} dxe5
{[%clk 0:11:24]} 16. Nxe7 {[%clk 0:13:55]} Qxe7 {[%clk 0:11:49]} 17. Bg5
{[%clk 0:14:15]} Qd6 {[%clk 0:11:30]} 18. O-O-O {[%clk 0:11:41]} Ng4
{[%clk 0:07:33]} 19. Bh3 {[%clk 0:11:17]} Bd7 {[%clk 0:06:08]} 20. Bxg4
{[%clk 0:09:58]} hxg4 {[%clk 0:05:24]} 21. Kb1 {[%clk 0:10:25]} Bf6
{[%clk 0:05:00]} 22. Bxf6 {[%clk 0:08:15]} Qxf6 {[%clk 0:05:28]} 23. d4
{[%clk 0:08:30]} exd4 {[%clk 0:04:40]} 24. e5 {[%clk 0:08:53]} Qe7
{[%clk 0:04:09]} 25. Qxd4 {[%clk 0:08:58]} Be6 {[%clk 0:03:31]} 26. Qf4
{[%clk 0:08:44]} O-O {[%clk 0:02:54]} 27. Rd6 {[%clk 0:09:02]} Rae8
{[%clk 0:02:39]} 28. Re1 {[%clk 0:07:22]} Kh7 {[%clk 0:01:31]} 29. Qd4
{[%clk 0:07:00]} Rf7 {[%clk 0:01:28]} 30. Ne2 {[%clk 0:07:03]} c5
{[%clk 0:00:59]} 31. Qc3 {[%clk 0:07:12]} Bxc4 {[%clk 0:01:00]} 32. Qxc4
{[%clk 0:07:29]} 1-0

[Event "MMK2014"]
[Site "?"]
[Date "2014.08.11"]
[Round "2.3"]
[White "Brzeski, Maciej"]
[Black "Mikrut, Dariusz"]
[Result "0-1"]
[LiveChessVersion "1.4.2"]
[BlackElo "2363"]
[WhiteElo "2338"]

1. e4 {[%clk 1:30:56]} e5 {[%clk 1:27:06]} 2. Nf3 {[%clk 1:31:12]} Nc6
{[%clk 1:27:28]} 3. Bb5 {[%clk 1:31:37]} a6 {[%clk 1:27:56]} 4. Ba4
{[%clk 1:31:59]} Nf6 {[%clk 1:28:19]} 5. O-O {[%clk 1:32:22]} Be7
{[%clk 1:28:01]} 6. Re1 {[%clk 1:32:37]} b5 {[%clk 1:28:25]} 7. Bb3
{[%clk 1:33:03]} O-O {[%clk 1:28:51]} 8. d4 {[%clk 1:32:56]} d6 {[%clk 1:25:33]}
9. c3 {[%clk 1:33:21]} Bg4 {[%clk 1:24:58]} 10. Be3 {[%clk 1:33:44]} Bh5
{[%clk 1:22:15]} 11. Nbd2 {[%clk 1:24:13]} Na5 {[%clk 1:19:29]} 12. Bc2
{[%clk 1:18:38]} Ng4 {[%clk 1:18:50]} 13. Nf1 {[%clk 1:18:13]} Nxe3
{[%clk 1:18:07]} 14. Nxe3 {[%clk 1:18:37]} exd4 {[%clk 1:17:00]} 15. cxd4
{[%clk 1:18:57]} c5 {[%clk 1:16:00]} 16. Nf5 {[%clk 0:52:45]} cxd4
{[%clk 0:54:38]} 17. Qd3 {[%clk 0:32:51]} Bxf3 {[%clk 0:42:36]} 18. Qxf3
{[%clk 0:33:10]} Bf6 {[%clk 0:25:36]} 19. Rad1 {[%clk 0:32:24]} Rc8
{[%clk 0:21:46]} 20. Re2 {[%clk 0:28:38]} Nc4 {[%clk 0:19:44]} 21. b3
{[%clk 0:27:16]} Ne5 {[%clk 0:19:22]} 22. Qf4 {[%clk 0:18:18]} d3
{[%clk 0:15:30]} 23. Bxd3 {[%clk 0:15:27]} Nxd3 {[%clk 0:15:16]} 24. Qg3
{[%clk 0:15:31]} Nb2 {[%clk 0:09:14]} 25. Rb1 {[%clk 0:14:29]} Rc3
{[%clk 0:09:31]} 26. Ne3 {[%clk 0:12:48]} Be5 {[%clk 0:08:10]} 27. Qf3
{[%clk 0:10:32]} Qc8 {[%clk 0:05:50]} 28. Ree1 {[%clk 0:06:01]} Nd3
{[%clk 0:05:38]} 29. Red1 {[%clk 0:06:26]} Nb4 {[%clk 0:05:24]} 30. Qe2
{[%clk 0:06:45]} Re8 {[%clk 0:03:50]} 31. a3 {[%clk 0:07:01]} Nc2
{[%clk 0:03:40]} 32. Nd5 {[%clk 0:06:41]} Rc6 {[%clk 0:03:33]} 33. f4
{[%clk 0:06:13]} Bd4+ {[%clk 0:03:14]} 34. Kh1 {[%clk 0:06:36]} Nxa3
{[%clk 0:03:35]} 0-1

[Event "MMK2014"]
[Site "?"]
[Date "2014.08.11"]
[Round "2.4"]
[White "Bures, Jaroslav"]
[Black "Polok, Kacper"]
[Result "1-0"]
[LiveChessVersion "1.4.2"]
[BlackElo "2254"]
[WhiteElo "2410"]

1. d4 {[%clk 1:28:03]} Nf6 {[%clk 1:30:31]} 2. c4 {[%clk 1:28:19]} e6
{[%clk 1:30:52]} 3. Nc3 {[%clk 1:28:27]} Bb4 {[%clk 1:31:00]} 4. e3
{[%clk 1:28:10]} b6 {[%clk 1:31:13]} 5. Nf3 {[%clk 1:27:41]} Bb7 {[%clk 1:31:24]}
6. Bd3 {[%clk 1:27:38]} Bxc3+ {[%clk 1:29:44]} 7. bxc3 {[%clk 1:27:53]} Ne4
{[%clk 1:30:06]} 8. Nd2 {[%clk 1:20:42]} Nxd2 {[%clk 1:29:35]} 9. Qxd2
{[%clk 1:18:02]} d6 {[%clk 1:29:44]} 10. e4 {[%clk 1:17:48]} e5 {[%clk 1:27:34]}
11. O-O {[%clk 1:16:51]} O-O {[%clk 1:24:22]} 12. f4 {[%clk 1:15:24]} f6
{[%clk 1:20:34]} 13. g3 {[%clk 1:07:51]} Nc6 {[%clk 1:13:28]} 14. Qe3
{[%clk 1:06:21]} Na5 {[%clk 1:08:53]} 15. c5 {[%clk 0:49:11]} bxc5
{[%clk 1:05:11]} 16. dxc5 {[%clk 0:45:20]} Re8 {[%clk 0:58:31]} 17. Rb1
{[%clk 0:40:30]} d5 {[%clk 0:50:44]} 18. c6 {[%clk 0:33:49]} Bxc6
{[%clk 0:43:15]} 19. Qc5 {[%clk 0:34:08]} dxe4 {[%clk 0:41:28]} 20. Ba6
{[%clk 0:26:53]} exf4 {[%clk 0:37:54]} 21. Qxa5 {[%clk 0:25:44]} e3
{[%clk 0:37:01]} 22. gxf4 {[%clk 0:20:53]} Qd7 {[%clk 0:34:47]} 23. Qh5
{[%clk 0:19:52]} e2 {[%clk 0:30:09]} 24. Bxe2 {[%clk 0:14:29]} Rxe2
{[%clk 0:28:12]} 25. Qxe2 {[%clk 0:14:52]} Re8 {[%clk 0:18:21]} 26. Qc4+
{[%clk 0:12:49]} Bd5 {[%clk 0:16:01]} 27. Qd3 {[%clk 0:13:17]} Qg4+
{[%clk 0:09:36]} 28. Qg3 {[%clk 0:13:45]} Qf5 {[%clk 0:09:58]} 29. Be3
{[%clk 0:08:25]} Qc2 {[%clk 0:06:34]} 30. Rbe1 {[%clk 0:07:42]} Bc4
{[%clk 0:05:14]} 31. Bd4 {[%clk 0:05:44]} 1-0

[Event "MMK2014"]
[Site "?"]
[Date "2014.08.11"]
[Round "2.5"]
[White "Topi-Hulmi, Teemu"]
[Black "Berezjuk, Sergej"]
[Result "1/2-1/2"]
[LiveChessVersion "1.4.2"]
[BlackElo "2371"]
[WhiteElo "2235"]

1. e4 {[%clk 1:30:55]} e6 {[%clk 1:30:32]} 2. d4 {[%clk 1:31:13]} d5
{[%clk 1:30:55]} 3. Nc3 {[%clk 1:31:25]} Nf6 {[%clk 1:31:17]} 4. exd5
{[%clk 1:31:37]} exd5 {[%clk 1:31:14]} 5. Bd3 {[%clk 1:31:52]} c5
{[%clk 1:28:58]} 6. Nf3 {[%clk 1:30:12]} c4 {[%clk 1:28:20]} 7. Be2
{[%clk 1:30:28]} Bb4 {[%clk 1:26:55]} 8. O-O {[%clk 1:29:18]} O-O
{[%clk 1:27:16]} 9. Bg5 {[%clk 1:26:44]} Bxc3 {[%clk 1:18:28]} 10. bxc3
{[%clk 1:26:51]} h6 {[%clk 1:18:54]} 11. Bxf6 {[%clk 1:21:18]} Qxf6
{[%clk 1:19:17]} 12. Ne5 {[%clk 1:21:26]} Qd6 {[%clk 1:16:54]} 13. Bf3
{[%clk 1:20:23]} Nd7 {[%clk 1:10:43]} 14. Re1 {[%clk 1:18:46]} Nf6
{[%clk 1:10:47]} 15. Qb1 {[%clk 1:15:48]} Rb8 {[%clk 1:06:45]} 16. Qb4
{[%clk 1:11:32]} Rd8 {[%clk 1:06:05]} 17. Rab1 {[%clk 1:02:56]} Bf5
{[%clk 1:02:18]} 18. Re2 {[%clk 0:58:20]} Qc7 {[%clk 0:56:38]} 19. h3
{[%clk 0:51:15]} Rd6 {[%clk 0:51:27]} 20. Rbe1 {[%clk 0:39:18]} Ra6
{[%clk 0:32:25]} 21. a4 {[%clk 0:33:38]} Rd8 {[%clk 0:28:37]} 22. Ng4
{[%clk 0:30:34]} Bxg4 {[%clk 0:22:46]} 23. Bxg4 {[%clk 0:29:08]} Ne4
{[%clk 0:20:15]} 24. Bf3 {[%clk 0:25:37]} f5 {[%clk 0:18:45]} 25. Bxe4
{[%clk 0:25:25]} fxe4 {[%clk 0:18:42]} 26. f3 {[%clk 0:21:45]} Rb6
{[%clk 0:17:54]} 27. Qa3 {[%clk 0:19:21]} exf3 {[%clk 0:15:20]} 28. Re8+
{[%clk 0:15:34]} Kh7 {[%clk 0:11:52]} 29. Qf8 {[%clk 0:14:48]} Rf6
{[%clk 0:07:06]} 30. Qg8+ {[%clk 0:06:45]} Kg6 {[%clk 0:07:14]} 31. R1e6
{[%clk 0:03:11]} f2+ {[%clk 0:05:01]} 32. Kf1 {[%clk 0:03:40]} Rxe8
{[%clk 0:04:32]} 33. Qxe8+ {[%clk 0:03:57]} Qf7 {[%clk 0:04:51]} 34. Qxf7+
{[%clk 0:03:03]} Kxf7 {[%clk 0:05:19]} 35. Re5 {[%clk 0:02:23]} Ra6
{[%clk 0:03:15]} 36. Rxd5 {[%clk 0:02:47]} Rxa4 {[%clk 0:03:36]} 37. Rd7+
{[%clk 0:03:06]} Kf6 {[%clk 0:03:40]} 38. Rxb7 {[%clk 0:03:31]} Ra3
{[%clk 0:03:59]} 39. Kxf2 {[%clk 0:03:36]} Rxc3 {[%clk 0:04:15]} 40. Rxa7
{[%clk 0:03:51]} Rxc2+ {[%clk 0:04:41]} 41. Kf3 {[%clk 0:03:51]} Rd2
{[%clk 0:05:09]} 42. Ra6+ {[%clk 0:02:19]} Ke7 {[%clk 0:05:19]} 43. Ra7+
{[%clk 0:02:19]} Kd6 {[%clk 0:05:29]} 44. Rxg7 {[%clk 0:02:17]} c3
{[%clk 0:05:54]} 45. Rg8 {[%clk 0:01:34]} Kd5 {[%clk 0:05:53]} 46. Ke3
{[%clk 0:01:28]} Kc4 {[%clk 0:05:25]} 47. Rc8+ {[%clk 0:01:19]} Kb3
{[%clk 0:05:50]} 48. g4 {[%clk 0:00:39]} Rd1 {[%clk 0:04:20]} 49. Rb8+
{[%clk 0:00:52]} Ka2 {[%clk 0:04:36]} 50. Ra8+ {[%clk 0:01:14]} Kb2
{[%clk 0:05:02]} 51. Rb8+ {[%clk 0:01:37]} Kc1 {[%clk 0:05:13]} 52. h4
{[%clk 0:01:36]} c2 {[%clk 0:05:36]} 53. g5 {[%clk 0:01:39]} hxg5
{[%clk 0:05:49]} 54. hxg5 {[%clk 0:02:08]} Rg1 {[%clk 0:05:33]} 55. Kf4
{[%clk 0:01:13]} Kd2 {[%clk 0:04:09]} 56. Rc8 {[%clk 0:01:37]} Kd3
{[%clk 0:04:12]} 57. Rxc2 {[%clk 0:00:41]} Kxc2 {[%clk 0:04:36]} 58. d5
{[%clk 0:00:39]} Kc3 {[%clk 0:04:53]} 59. d6 {[%clk 0:00:48]} Kc4
{[%clk 0:04:39]} 60. Ke5 {[%clk 0:00:36]} Rxg5+ {[%clk 0:03:42]} 61. Kf6
{[%clk 0:00:56]} Rd5 {[%clk 0:03:05]} 62. Ke7 {[%clk 0:01:23]} Re5+
{[%clk 0:03:20]} 63. Kf7 {[%clk 0:01:44]} Rd5 {[%clk 0:03:17]} 64. Ke7
{[%clk 0:02:12]} Kc5 {[%clk 0:03:30]} 65. d7 {[%clk 0:02:41]} Kc6
{[%clk 0:03:43]} 66. d8=Q {[%clk 0:03:01]} Rxd8 {[%clk 0:04:08]} 67. Kxd8
{[%clk 0:03:22]} 1/2-1/2

[Event "MMK2014"]
[Site "?"]
[Date "2014.08.12"]
[Round "3.1"]
[White "Berezjuk, Sergej"]
[Black "Malinovsky, Karel"]
[Result "1/2-1/2"]
[LiveChessVersion "1.4.2"]
[BlackElo "2453"]
[WhiteElo "2371"]

1. e4 {[%clk 1:30:47]} d5 {[%clk 1:30:51]} 2. exd5 {[%clk 1:31:11]} Qxd5
{[%clk 1:31:17]} 3. Nc3 {[%clk 1:31:35]} Qa5 {[%clk 1:31:43]} 4. d4
{[%clk 1:31:56]} Nf6 {[%clk 1:31:59]} 5. Bd2 {[%clk 1:32:04]} c6 {[%clk 1:31:56]}
6. Bc4 {[%clk 1:32:18]} Bf5 {[%clk 1:31:30]} 7. Qe2 {[%clk 1:29:51]} Qc7
{[%clk 1:27:23]} 8. Nf3 {[%clk 1:28:25]} e6 {[%clk 1:26:47]} 9. Ne5
{[%clk 1:25:44]} Bb4 {[%clk 1:20:46]} 10. O-O-O {[%clk 1:07:59]} Nbd7
{[%clk 1:16:31]} 11. Nxd7 {[%clk 1:06:10]} Kxd7 {[%clk 1:16:29]} 12. Kb1
{[%clk 0:48:54]} 1/2-1/2

[Event "MMK2014"]
[Site "?"]
[Date "2014.08.12"]
[Round "3.2"]
[White "Polok, Kacper"]
[Black "Topi-Hulmi, Teemu"]
[Result "0-1"]
[LiveChessVersion "1.4.2"]
[BlackElo "2235"]
[WhiteElo "2254"]

1. e4 {[%clk 1:30:49]} c5 {[%clk 1:30:53]} 2. Nf3 {[%clk 1:31:07]} Nc6
{[%clk 1:31:16]} 3. d4 {[%clk 1:31:20]} cxd4 {[%clk 1:31:38]} 4. Nxd4
{[%clk 1:31:42]} Nf6 {[%clk 1:32:00]} 5. Nc3 {[%clk 1:31:58]} e5 {[%clk 1:32:19]}
6. Ndb5 {[%clk 1:32:19]} d6 {[%clk 1:32:36]} 7. Bg5 {[%clk 1:32:37]} a6
{[%clk 1:32:58]} 8. Na3 {[%clk 1:32:52]} b5 {[%clk 1:33:17]} 9. Nd5
{[%clk 1:33:08]} Be7 {[%clk 1:33:31]} 10. Bxf6 {[%clk 1:33:02]} Bxf6
{[%clk 1:33:51]} 11. c3 {[%clk 1:33:21]} Bg5 {[%clk 1:33:44]} 12. Nc2
{[%clk 1:33:26]} Ne7 {[%clk 1:33:26]} 13. h4 {[%clk 1:20:20]} Bh6
{[%clk 1:32:17]} 14. Nxe7 {[%clk 1:20:34]} Qxe7 {[%clk 1:32:34]} 15. a4
{[%clk 1:20:52]} bxa4 {[%clk 1:31:48]} 16. Nb4 {[%clk 1:18:59]} O-O
{[%clk 1:31:12]} 17. Bc4 {[%clk 1:15:51]} Bb7 {[%clk 1:17:46]} 18. Qe2
{[%clk 1:08:12]} a5 {[%clk 1:15:47]} 19. Nd5 {[%clk 1:08:21]} Qd8
{[%clk 1:13:42]} 20. Rxa4 {[%clk 0:59:30]} Kh8 {[%clk 1:11:09]} 21. g4
{[%clk 0:51:20]} g6 {[%clk 1:09:18]} 22. Ra1 {[%clk 0:41:46]} Rb8
{[%clk 1:00:53]} 23. b3 {[%clk 0:39:02]} Bf4 {[%clk 0:52:36]} 24. h5
{[%clk 0:36:43]} Rc8 {[%clk 0:32:15]} 25. Qd3 {[%clk 0:35:24]} Rc5
{[%clk 0:29:39]} 26. b4 {[%clk 0:29:45]} axb4 {[%clk 0:27:51]} 27. hxg6
{[%clk 0:25:52]} fxg6 {[%clk 0:26:54]} 28. cxb4 {[%clk 0:26:16]} Rc8
{[%clk 0:24:10]} 29. Ra7 {[%clk 0:25:53]} Rb8 {[%clk 0:21:50]} 30. Qh3
{[%clk 0:20:53]} Qd7 {[%clk 0:19:32]} 31. Qh4 {[%clk 0:20:55]} h5
{[%clk 0:16:32]} 32. Nxf4 {[%clk 0:09:01]} Rxf4 {[%clk 0:15:21]} 33. Bd5
{[%clk 0:09:15]} Rxg4 {[%clk 0:12:58]} 34. Qf6+ {[%clk 0:06:34]} Kh7
{[%clk 0:13:16]} 35. Qf3 {[%clk 0:04:05]} Rf4 {[%clk 0:11:13]} 36. Qd3
{[%clk 0:03:37]} Qc7 {[%clk 0:08:59]} 37. Qe3 {[%clk 0:02:30]} Kh6
{[%clk 0:06:09]} 38. O-O {[%clk 0:02:58]} Qe7 {[%clk 0:06:11]} 39. Rc1
{[%clk 0:02:41]} Qg5+ {[%clk 0:06:25]} 40. Kf1 {[%clk 0:02:43]} Bxd5
{[%clk 0:06:20]} 41. exd5 {[%clk 0:02:49]} Rbxb4 {[%clk 0:06:09]} 42. Rcc7
{[%clk 0:01:38]} Rb1+ {[%clk 0:06:07]} 43. Rc1 {[%clk 0:01:50]} Rxc1+
{[%clk 0:06:25]} 44. Qxc1 {[%clk 0:02:14]} Rxf2+ {[%clk 0:06:49]} 0-1